000 00495cam a2200181 4500
008 090401t1986 xxu||||| |||| 00| 0 eng d
020 _a0580152413
035 _a(Sirsi) u25541
041 _aeng
110 _aBritish Standards Institution
_9130
245 _aBritish Standard guide to building maintenance management.
260 _aLondon
_bBritish Standards Institution
_c1986
300 _a44p. ; 30cm.
350 _a0
490 _aBS
_v8210: 1986
942 _n0
948 _c04/03/1997
999 _c88756
_d88756